000 01315nam a22003257a 4500
001 18428
003 CO-MdFUSB
005 20190202100322.0
008 170509t2013 s ||||| |||| 00| 0 s d
020 _a978-84-9945-607-2
040 _aCO-MdFUSB
_bspa
_cCO-MdFUSB
_dCO-MdFUSBC
_erda
041 0 _aspa
082 0 4 _aG 220.4 N681t
100 1 _aNieuviarts, Jacques
_eautor
245 0 _aTraducir la Biblia
_c / Jacques Nieuviarts y Gérard Billon ; Traducido por Pedro Barrado y María del Pilar Salas
264 4 _aNavarra, España :
_bVerbo Divino,
_c©2013
300 _a60 p.
336 _2rdacontent
_a1
_ba1
337 _2rdamedia
_a2
_b5
338 _2rdacarrier
_a2
_b5
500 _aTítulo original en francés: traduire la Bible en françai
501 _arústico
505 0 0 _aTraducir: ¿Un fracaso programado? -- La Biblia en plural: Septuaginta, El targum, La Vulgata, Biblia de Lutero, Para comunidades de creyentes -- Biblias en español -- EL taller del traductor: la fuente y el término, pasos, texto y paratexto, el texto en la página -- Biblia sacra -- Lista de recuadros
650 0 _aBiblia
_916
653 _aVersiones de la Biblia
653 _aBiblia - Textos originales
653 _aBiblia - Traducción e interpretación
653 _aTraductores - Biblia
942 _cBK
999 _c44864
_d44864